Four Girls at Chautauqua

Saved in:
Bibliographic Details
Main Author: Pansy, 1841-1930
Format: Electronic eBook
Language:English
Published: Project Gutenberg, 2004
Series:Project Gutenberg 12662
Subjects:
Online Access:http://www.gutenberg.org/etext/12662
Rights
Tags: Add Tag
No Tags, Be the first to tag this record!
Call Number :PZ

MARC

LEADER 00000cam a22000003a 4500
001 66223
003 MY-KLNDU
005 20241219025818.0
008 210402s2004||||xxu|||||s|||||000 | eng d
035 |a (PGUSA)12662 
039 9 |y 202104021612  |z VLOAD 
040 |a PGUSA  |b eng 
042 |a dc 
050 4 |a PZ 
100 1 |a Pansy, 1841-1930 
245 1 0 |a Four Girls at Chautauqua  |h [electronic resource] /  |c by 1841-1930 Pansy 
260 |b Project Gutenberg,  |c 2004 
500 |a Project Gutenberg 
506 |a Freely available. 
516 |a Electronic text 
599 |a Dummy Record 
653 0 |a Friendship -- Juvenile fiction 
653 0 |a Christian life -- Juvenile fiction 
653 0 |a Young women -- Juvenile fiction 
653 0 |a Young men -- Juvenile fiction 
653 0 |a Chautauqua (N.Y.) -- Juvenile fiction 
653 0 |a Sunday school teachers -- Juvenile fiction 
653 0 |a Conversion -- Juvenile fiction 
653 0 |a Camp meetings -- Juvenile fiction 
830 0 |a Project Gutenberg  |v 12662 
856 4 0 |u http://www.gutenberg.org/etext/12662 
856 4 2 |u http://www.gutenberg.org/license  |3 Rights 
999 |a vtls000078919  |c 66223  |d 66223